000 00500nam a22001937a 4500
003 MPLRDC
005 20220104143403.0
008 210129b ||||| |||| 00| 0 eng d
020 _a7-5357-0107-8
082 _a440.121 JMD
100 _a姜明德等编写
245 _a公差配合与技术测量
_c
250 _a一版九刷
260 _a
_b湖南科学技术出版社
_c1992
300 _b
490 _a中等专业学校教材
650 _a计测工学
942 _cBK
_o440.121 JMD
999 _c39395
_d39385